The first summit : (Record no. 12938)
[ view plain ]
| 000 -LEADER | |
|---|---|
| fixed length control field | 01061cam a2200301 i 4500 |
| 001 - CONTROL NUMBER | |
| control field | 4543969 |
| 003 - CONTROL NUMBER IDENTIFIER | |
| control field | EG-ScBUE |
| 005 - DATE AND TIME OF LATEST TRANSACTION | |
| control field | 20240317103057.0 |
| 008 - FIXED-LENGTH DATA ELEMENTS--GENERAL INFORMATION | |
| fixed length control field | 690613s1969 mau f b 001 0 eng d |
| 040 ## - CATALOGING SOURCE | |
| Original cataloging agency | DLC |
| Language of cataloging | eng |
| Description conventions | rda |
| Transcribing agency | DLC |
| Modifying agency | DLC |
| -- | EG-ScBUE |
| 043 ## - GEOGRAPHIC AREA CODE | |
| Geographic area code | n-cn-nf |
| 082 04 - DEWEY DECIMAL CLASSIFICATION NUMBER | |
| Classification number | 940.53142 |
| Item number | WIL |
| Edition number | 22 |
| 100 1# - MAIN ENTRY--PERSONAL NAME | |
| Personal name | Wilson, Theodore A., |
| Dates associated with a name | 1940- |
| Relator term | author. |
| 9 (RLIN) | 9449 |
| 245 14 - TITLE STATEMENT | |
| Title | The first summit : |
| Remainder of title | roosevelt and churchill at Placentia Bay 1941 / |
| Statement of responsibility, etc | Theodore A. Wilson. |
| 264 #1 - PUBLICATION, DISTRIBUTION, ETC. (IMPRINT) | |
| Place of publication, distribution, etc | Boston : |
| Name of publisher, distributor, etc | Houghton Mifflin, |
| Date of publication, distribution, etc | 1969. |
| 300 ## - PHYSICAL DESCRIPTION | |
| Extent | xvi, 344 pages ; |
| Dimensions | 22 cm |
| 336 ## - CONTENT TYPE | |
| Source | rdacontent |
| Content type term | text |
| Content type code | txt |
| 337 ## - MEDIA TYPE | |
| Media type term | unmediated |
| Source | rdamedia |
| Media type code | n |
| 338 ## - CARRIER TYPE | |
| Carrier type term | volume |
| Carrier type code | nc |
| Source | rdacarrier |
| 500 ## - GENERAL NOTE | |
| General note | Includes index. |
| 600 17 - SUBJECT ADDED ENTRY--PERSONAL NAME | |
| Personal name | Roosevelt, Franklin D. |
| Fuller form of name | (Franklin Delano), |
| Dates associated with a name | 1882-1945. |
| Source of heading or term | BUEsh |
| 9 (RLIN) | 9450 |
| 600 17 - SUBJECT ADDED ENTRY--PERSONAL NAME | |
| Personal name | Churchill, Winston, |
| Dates associated with a name | 1874-1965. |
| Source of heading or term | BUEsh |
| 9 (RLIN) | 9451 |
| 630 07 - SUBJECT ADDED ENTRY--UNIFORM TITLE | |
| Uniform title | Atlantic Charter |
| Date of treaty signing | (1941) |
| Source of heading or term | BUEsh |
| 9 (RLIN) | 9452 |
| 650 #7 - SUBJECT ADDED ENTRY--TOPICAL TERM | |
| Topical term or geographic name as entry element | World War, 1939-1945 |
| Chronological subdivision | Diplomatic history. |
| Source of heading or term | BUEsh |
| 9 (RLIN) | 9453 |
| 655 ## - INDEX TERM--GENRE/FORM | |
| Form subdivision | Reading book |
| 942 ## - ADDED ENTRY ELEMENTS (KOHA) | |
| Source of classification or shelving scheme | Dewey Decimal Classification |
| Koha item type | Book - Borrowing |
| Withdrawn status | Lost status | Source of classification or shelving scheme | Damaged status | Not for loan | Collection code | Home library | Current library | Shelving location | Date acquired | Source of acquisition | Total Checkouts | Full call number | Barcode | Date last seen | Price effective from | Koha item type | Public note |
|---|---|---|---|---|---|---|---|---|---|---|---|---|---|---|---|---|---|
| Dewey Decimal Classification | Donation-Gift | Central Library | Central Library | Second Floor | 18/11/2009 | Donation | 940.53142 WIL | 000018908 | 15/07/2025 | 18/11/2009 | Book - Borrowing | Donated by: Alaa Abdel Ghaney |